000 00751nam a2200217 a 4500
001 22751
003 CO-ViMGA
008 141112s2004 ck r 000 u spa d
020 _a8420636991
040 _aCO-ViMGA
_bspa
_cCO-ViMGA
082 0 4 _a155.3 F738t
100 1 _aFreud, Sigmund
245 1 0 _aTres ensayos sobre teoría sexual
260 _aEspaña :
_bBibliotec Alianza Editorial
300 _a172p.
490 _aLibro de bolsillo Biblioteca de Autor
505 _aLas aberraciones sexuales, La sexualidad infantil, La metamorfosis de la pubertad, Fetichismo, Sobre la sexualidad femenina
650 1 4 _aSEXO - (PSICOLOGIA) - ENSAYOS, CONFERENCIAS, ETC.
_932476
650 1 4 _aSEXO - ENSAYOS, CONFERENCIAS, ETC
_932477
942 _2ddc
_cBK
999 _c31049
_d31049